Glee Episodes By Songs Quiz Stats

Quiz not verified by Sporcle

Challenge
Share
Tweet
Embed
Score 0/91 Timer 15:00
0 Plays Today
Songs Episode Name % Correct
Hello I Love You, Gives You Hell, HelloHell-O
82.2%
Science Fiction/Double Feature, Dammit Janet, The Time WarpThe Rocky Horror Glee Show
77.6%
On My Own, Rehab, Don't Stop Believin'Pilot
76.6%
Me Against The Music, Toxic, The Only ExceptionBritney
76.2%
Don't Go Breaking My Heart, Sing, LuckyDuets
75.7%
Don't You Want Me, Blame It, Tik TokBlame It On The Alcohol
75.7%
Marry You, Sway, Just The Way You AreFurt
74.8%
Express Yourself, Vogue, Like A VirginThe Power of Madonna
74.3%
Don't Rain On My Parade, You Can't Always Get What You Want, My Life Would Suck Without YouSectionals
73.8%
Empire State Of Mind, Telephone, BillionaireAudition
73.8%
Merry Christmas Darling, Baby It's Cold Outside, Last ChristmasA Very Glee Christmas
72.9%
Scream, Human Nature, BenMichael
72.2%
Only The Good Die Young, I Want To Hold Your Hand, Losing My ReligionGrilled Cheesus
72%
Forget You, Singin' In The Rain, UmbrellaThe Substitute
72%
I'm Still Standing, Fighter, Somebody That I Used To KnowBig Brother
71.5%
Dancing With Myself, Defying Gravity, Proud MaryWheels
71%
Sexy and I Know It, A Little Less Conversation, Don't Wanna Lose YouThe Spanish Teacher
70.9%
Yesterday, A Hard Day's Night, All You Need Is LoveLove, Love, Love
70.2%
Fat Bottomed Girls, When I Get You Alone, FireworkSilly Love Songs
70.1%
The Edge of Glory, Starships, Tongue TiedNationals
70.1%
Greased Lightening, Beauty School Dropout, There Are Worse Things I Could DoGlease
70.1%
Barely Breathing, Mine, The ScientistThe Break Up
69.3%
Teenage Dream, Livin' On A Prayer, Stop In The Name Of LoveNever Been Kissed
69.2%
Dream On, The Safety Dance, I Dreamed A DreamDream On
68.7%
Animal, Kiss, LandslideSexy
68.2%
You Get What You Give, In My Life, Roots Before BranchesGoodbye
67.9%
It's My Life, Confessions, Halo, Walking On SunshineVitamin D
67.8%
Summer Nights, Without You, We Found LoveYes No
67.7%
Seasons of Love, Fire and Rain, No SurrenderThe Quarterback
67.5%
Smile, JumpMattress
67.3%
How Will I Know, So Emotional, I Have NothingDance With Somebody
67.2%
Songs Episode Name % Correct
I'm the Only One, Girls Just Wanna Have Fun, JoleneI Kissed A Girl
67.1%
I Don't Know How To Love Him, Baby Got Back, Locked Out of HeavenSadie Hawkins
66.9%
Torn, Love Song, This Is the New YearNaked
66.9%
Bootylicious, Imagine, True ColoursHairography
66.8%
Another One Bites The Dust, Tell Me Something Good, LoserFunk
66.8%
Not The Boy Next Door, Shake It Out, CryChoke
66.4%
Hold It Against Me, Gimme More, EverytimeBritney 2.0
66.4%
Fire, A House Is Not A Home, BeautifulHome
66.4%
Tonight, Uptown Girl, America The First Time
65.8%
Stand, Glad You Came, Here's To UsOn My Way
65.8%
Last Friday Night, Candyman, Take Care of YourselfPot O' Gold
65.2%
Night Fever, If I Can't Have You, How Deep Is Your LoveSaturday Night Glee-ver
65%
Come See About Me, Whistle, Live While We're YoungThanksgiving
65%
Maybe This Time, Alone, Somebody To LoveThe Rhodes Not Taken
65%
Mercy, Bust Your WindowsAcafellas
64.5%
Ice Ice Baby, Physical, Total Eclipse Of The HeartBad Reputation
64.5%
Baby, Take Me Or Leave Me, SingComeback
64.5%
Don't Stop Me Now, Bring Him Home, Girl On FireDiva
64.5%
Red Solo Cup, I Will Survive, ControlHold Onto Sixteen
63.9%
Gold Digger, Push It, Take a BowShowmance
63.6%
Endless Love, I'll Stand By You, Lean On MeBallad
63.6%
Don't Cry For Me Argentina, (I've Had) The Time Of My Life, Dog Days Are OverSpecial Education
63.6%
Never Say Never, It's Time, Chasing PavementsThe New Rachel
63.5%
Hot For Teacher, You and I, Someone Like YouMash Off
63.3%
Misery, Candles, Raise Your GlassOriginal Song
62.6%
Rolling In The Deep, Jar Of Hearts, Dancing QueenProm Queen
62.6%
Faithfully, Bohemian Rhapsody, Over The RainbowJourney To Regionals
62.1%
As Long As You're There, Pretending, Light Up The WorldNew York
62.1%
Try A Little Tenderness, Pure Imagination, Back To BlackFuneral
62.1%
I Won't Give Up, Because You Loved Me, MeanProps
62%
Need You Now, She's Not There, ThrillerThe Sue Sylvester Shuffle
61.7%
Songs Episode Name % Correct
Blow Me (One Last Kiss), Juke Box Hero, Everybody TalksThe Role You Were Born To Play
61.3%
River, Let It Snow, My Favourite ThingsExtraordinary Merry Christmas
60.8%
Jessie's Girl, The Boy Is Mine, OneLaryngitis
60.7%
All By Myself, Turning Tables, Ain't No WayNight of Neglect
60.7%
Dreams, Go Your Own Way, Don't StopRumours
60.7%
Love You Like A Love Song, What Makes You Beautiful, Take My Breath AwayProm-asaurus
60.6%
Dark Side, Heroes, Some NightsDynamic Duets
60.6%
Bad Romance, Shout It Out Loud, Poker FaceTheatricality
59.8%
I've Gotta Be Me, Somewhere Only We Know, As If We Never Said GoodbyeBorn This Way
58.9%
Let Me Love You, Home, CherishHeart
58.1%
Bust A Move, Sweet CarolineMash-Up
57.5%
Just Can't Get Enough, We've Got Tonight, Anything Could HappenI Do
57%
Wannabe, My Perogative, CreepGuilty Pleasures
57%
We Got the Beat, It's Not Unusual, You Can't Stop the BeatThe Purple Piano Project
57%
Get Back, Here Comes The Sun, Let It BeTina In the Sky With Diamonds
56.1%
Hate On Me, No Air, Keep Holding OnThrowdown
56.1%
Everybody Wants To Rule The World, Celebrity Skin, A Change Would Do You GoodMakeover
54.7%
White Christmas, Jingle Bell Rock, Have Yourself A Merry Little ChristmasGlee, Actually
52.6%
Shout, Come What May, In Your EyesGirls (and Boys) On Film
51.2%
Taking Chances, TonightPreggers
50.9%
All That Jazz, Being Alive, Don't Dream It's OverSwan Song
50.4%
How To Be A Heartbreaker, Cold Hearted, CloserFeud
49.6%
Everybody Hurts, Little Girls, At the BalletLights Out
49.6%
To Love You More, Wings, ClarityAll Or Nothing
49.6%
Superstition, I Wish, Higher GroundWonder-ful
47.9%
Your Song, More Than Words, SayShooting Star
47.1%
Next To Me, You Have More Friends Than You Know, OutcastSweet Dreams
45.5%
Spotlight, Cool, Out Here On My OwnAsian F
39.7%
Somewhere, I'm the Greatest Star, Something's ComingI Am Unicorn
37.9%

You're not logged in!

Compare scores with friends on all Sporcle quizzes.
Sign Up with Email
OR
Log In

You Might Also Like...

Show Comments

Extras

Top Quizzes Today


Score Distribution

Your Account Isn't Verified!

In order to create a playlist on Sporcle, you need to verify the email address you used during registration. Go to your Sporcle Settings to finish the process.